书目信息 |
| 题名: |
霹雳天兵:世界快速反应部队
|
|
| 作者: | 李宗福 编著 | |
| 分册: | ||
| 出版信息: | 长沙 国防科技大学出版社 1999.06 |
|
| 页数: | 263页 | |
| 开本: | 32开 | |
| 丛书名: | ||
| 单 册: | ||
| 中图分类: | E155 | |
| 科图分类: | ||
| 主题词: | 武装力量--世界 , 军种--世界 , 兵种--世界 | |
| 电子资源: | ||
| ISBN: | 7-81024-556-2 | |
| 000 | 00647nam0 2200217 45 | |
| 001 | 0012261545 | |
| 005 | 20001226151829.9 | |
| 010 | @a7-81024-556-2@d12.00元 | |
| 100 | @a20001226d1999 km y0chiy0120 ea | |
| 101 | 0 | @achi |
| 105 | @a z 000yy | |
| 200 | 1 | @a霹雳天兵:世界快速反应部队@APi Li Tian Bing:Shi Jie Kuai Su Fan Ying Bu Dui@f李宗福等编著@FLi Zong Fu Deng Bian Zhu |
| 210 | @a长沙@c国防科技大学出版社@d1999.06 | |
| 215 | @a263页@d32开 | |
| 606 | 0 | @a武装力量@x世界 |
| 606 | 0 | @a军种@x世界 |
| 606 | 0 | @a兵种@x世界 |
| 690 | @aE155@v3 | |
| 701 | 0 | @a李宗福@4编著 |
| 801 | @aCN@bPftUser@c20001226 | |
| 905 | @b315178-182@dE155@eH791@f5 | |
| 霹雳天兵:世界快速反应部队/李宗福等编著.-长沙:国防科技大学出版社,1999.06 |
| 263页;32开 |
| ISBN 7-81024-556-2:12.00元 |
| ● |
| 相关链接 |
|
|
|
正题名:霹雳天兵:世界快速反应部队
索取号:E155/H791
 
预约/预借
| 序号 | 登录号 | 条形码 | 馆藏地/架位号 | 状态 | 备注 |
| 1 | 315178 | 203151784 | 社科库509/509社科库 114排1列2层/ [索取号:E155/H791] | 在馆 | |
| 2 | 315179 | 203151793 | 社科库509/509社科库 114排1列2层/ [索取号:E155/H791] | 在馆 | |
| 3 | 315180 | 203151800 | 社科库509/509社科库 114排1列2层/ [索取号:E155/H791] | 在馆 | |
| 4 | 315181 | 203151819 | 社科库509/509社科库 114排1列2层/ [索取号:E155/H791] | 在馆 | |
| 5 | 315182 | 203151828 | 社科库509/509社科库 114排1列2层/ [索取号:E155/H791] | 在馆 |